Bliv Ikke Bidt - Statistics

General Stats
  • This quiz has been taken 17 times
  • The average score is 8 of 27
Answers on the Grid
Answers color-coded by a green-red scale on the quiz's grid according to % correct below.
 
Answer Stats
Answer % Correct
67%
56%
44%
44%
44%
33%
33%
33%
33%
33%
33%
33%
33%
33%
33%
22%
22%
22%
22%
22%
22%
22%
22%
22%
22%
22%
11%
No matching quizzes found
Score Distribution
Percent of People with Each Score
Percentile by Number Answered
Your Score History
You have not taken this quiz